[Event "Bushehr Lian op 7th"]
[Site "Bushehr"]
[Date "2015.11.11"]
[Round "1"]
[White "Naderi, Mohmmad Javad"]
[Black "Bardal, Khalil"]
[Result "1-0"]
[WhiteElo "2193"]
[BlackElo "1580"]
[PlyCount "61"]
[EventDate "2015.11.11"]
[EventType "swiss"]
[EventRounds "9"]
[EventCountry "IRI"]
[SourceTitle "CBM 169 Extra"]
[Source "ChessBase"]
[SourceDate "2015.12.18"]
[SourceVersion "1"]
[SourceVersionDate "2015.12.18"]
[SourceQuality "1"]

1. e4 c5 2. Nf3 d6 3. d4 cxd4 4. Nxd4 Nf6 5. Nc3 a6 6. Bc4 b5 7. Bb3 b4 8. Na4 Nxe4 9. Bd5 Nxf2 10. Kxf2 Ra7 11. Be3 Rc7 12. Nf3 e6 13. Bb3 Rc6 14. Rf1 Be7 15. Qd4 0-0 16. Qxb4 Nd7 17. Qd2 Nf6 18. Kg1 Qc7 19. Nd4 Bb7 20. Nxc6 Bxc6 21. Nc3 d5 22. Rae1 Ng4 23. Bf4 e5 24. Qe2 Bc5+ 25. Kh1 exf4 26. Qxg4 f3 27. Rxf3 Qa5 28. Ref1 Qd8 29. Qh5 d4 30. Bxf7+ Kh8 31. Qxh7+ 1-0